| 000 | 00517nam a2200193Ia 4500 | ||
|---|---|---|---|
| 008 | 180207s9999 xx 000 0 und d | ||
| 020 | _a9780710507754 | ||
| 050 | _bT627 1995 | ||
| 100 | _aToast, Sarah | ||
| 245 | _aJoseph and his brothers / | ||
| 245 | _cstory adaptation by Sarah Toast. | ||
| 260 | _aLincolnwood, Illinois : | ||
| 260 | _bPublications International, Ltd., | ||
| 260 | _c1995 | ||
| 300 | _aunpaged : | ||
| 300 | _bchiefly colored ; | ||
| 300 | _c20cm. | ||
| 440 | _aLittle rainbow books. | ||
| 999 |
_c355748 _d355748 |
||